00943nas a2200313 4500001001300000003000900013005001700022007000300039008003400042040005400076041000900130072000800139100001400147100001700161100002700178100001700205110000600222245009000228650001800318650000800336650001400344650001700358650001700375650003100392650001200423650001200435773011600447856006600563BR2015002834BR-BrBNA20231205125326.0ta230509b bl.|||p| |||| 00| 00por d aBR-BrBNAbporcBiblioteca Nacional de Agricultura a(En) aQ031 aMiele, A.1 aRizzon, L.A.1 aQueiroz, S.C. do N. de1 aGianello, C.1 a 1 aPhysicochemical composition, minerals, and pesticide residues in organic grape juices aSUCO DE FRUTA aUVA aPESTICIDA aCONTAMINACAO aMETAL PESADO aPROPRIEDADE FISICO-QUIMICA aMINERAL aANALISE0 tCiência e Tecnologia de Alimentos (Brazil)xISSN 1678-457Xg(Jan-Mar 2015), v. 35(1) p. 120-126wBR201500283440uhttp://www.scielo.br/pdf/cta/v35n1/0101-2061-cta-35-1-120.pdf